Hunger Games: Who or What Kills Whom?! Quiz Stats

Quiz Updated May 22, 2015

Challenge
Share
Tweet
Embed
Score 0/20 Timer 04:00
2 Plays Today
Victim Killer % Correct
CatoKatniss
87.6%
FoxfacePeeta
81.1%
ThreshCato
74.9%
GlimmerKatniss
74.4%
RueMarvel
74%
MarvelKatniss
73%
CloveThresh
72.2%
MagsFog
66.9%
District 3 Boy (74th)Cato
61.6%
CoinKatniss
60.8%
Victim Killer % Correct
District 8 Girl (74th)Peeta
55.1%
District 4 Girl (74th)Katniss
51.3%
Female MorphlingMuttation attack
51.4%
GlossKatniss
50.2%
WiressGloss
46.3%
Brutus Peeta
43.2%
ChaffBrutus
35.9%
CashmereJohanna
35.8%
BlightForce field
26.9%
District 5 Boy (75th)Finnick
26.4%

You're not logged in!

Compare scores with friends on all Sporcle quizzes.
Sign Up with Email
OR
Log In

You Might Also Like...

Show Comments

Extras

Top Quizzes Today


Score Distribution

Your Account Isn't Verified!

In order to create a playlist on Sporcle, you need to verify the email address you used during registration. Go to your Sporcle Settings to finish the process.